| 000 | 02494cam a22002294a 4500 | ||
|---|---|---|---|
| 005 | 20250605164331.0 | ||
| 008 | 250528s ||||||||||||||||||||||||d | ||
| 035 | _a23219 | ||
| 020 | _a9789603990965 | ||
| 040 |
_aGR-AtMCL _bgre _dGR-AtMCL _eAACR2 |
||
| 245 | 1 |
_aΑθλητιατρική. _nΤόμος I |
|
| 260 |
_bΠ.Χ Πασχαλίδης, _c2002 |
||
| 300 | _a504 | ||
| 520 | _aΤο παρόν βιβλίο θα αποτελέσει αναμφισβήτητα ένα απαραίτητο βοήθημα για όλους τους γιατρούς που αντιμετωπίζουν αθλητές και αθλούμενους. Είναι επίσης ένα σημείο αναφοράς για τις σχετικές παραϊατρικές ειδικότητες ( φυσικοθεραπευτές, προπονητές, νοσηλευτές κ.λπ.) Γενικές Αρχές Αθλητιατρικής, Ο Ρόλος της Αθλητιατρικής, Μύες και Φυσιολογία της Άσκησης, Σύνδρομα Υπέρχρησης (Καταπόνησης), Καρδιοαναπνευστικές Παθήσεις, Κακώσεις της Κεφαλής, Γαστρεντερικό Σύστημα, Επιπλοκές από το Γαστρεντερικό Σύστημα Οφειλόμενες σε Λήψη μη Στεροειδών Αντιφλεγμονωδών Φαρμάκων, Τραυματισμοί του Ουροποιογεννητικού, Προαγωνιστικός Έλεγχος, Επείγοντα στις Αθλοπαιδίες, Γυναίκα και Αθλητισμός, Συνήθεις Αθλητικές Κακώσεις, Επούλωση του Τραύματος, Δερματολογικές Παθήσεις στον Αθλητισμό, Τραύματα Οφθαλμού, Κρανιοπροσωπικές Κακώσεις, Οδοντικοί Τραυματισμοί, Ωτορινολαρυγγολογία, Αυχενική Μοίρα Σπονδυλικής Στήλης και Νωτιαίος Μυελός και Βραχιόνιο Πλέγμα, Η Θωρακική και η Οσφυϊκή Μοίρα ΣΣ, Ώμος, Αγκώνας και Αντιβράχιο, Ο Καρπός, Το Χέρι. | ||
| 700 | 1 |
_aBruno Peter J _98799 |
|
| 700 | 1 |
_aMccann Peter D _98800 |
|
| 700 | 1 |
_aScuderi Giles R _98801 |
|
| 700 | 1 |
_aΜπαλτόπουλος Παν _98802 |
|
| 942 | _cBK | ||
| 999 |
_c8248 _d8248 |
||